| Registos Bibliográficos associados ao registo de autoridade |
|
Etiqueta de registo: 00254nam 2200025 450 001 2283323 003 http://id.bnportugal.gov.pt/bib/catbnp/2283323 010 ## $a978-989-36623-0-4 021 ## $aPT$b557514/25 100 ## $a20260331d2026 m y0pory01030103ba 101 1# $apor$cspa 102 ## $aPT 105 ## $ay z 000gy 106 ## $ar 200 1# $aSe alguém tiver de ser depois$fJuana Bignozzi$gtrad. Mariano Tomasovic Ribeiro 210 #9 $a[S.l.]$cNão (Edições),$dcop. 2026 215 ## $a111, [5] p.$d21 cm 225 2# $aTraditore$v20 304 ## $aTít. orig.: Si alguien tiene que ser después 675 ## $a821.134.2(82)-1"19/20"$vBN$zpor$31199935 700 #1 $aBignozzi,$bJuana,$f1937-2015$31996398 702 #1 $aRibeiro,$bMariano Alejandro,$f1993-$4730$31652407 801 #0 $aPT$bBN$gRPC 856 41 $uhttp://rnod.bnportugal.gov.pt/ImagesBN/winlibimg.aspx?skey=&doc=2283323&img=222138&save=true 900 ## $aBIBNAC$d20260513 966 ## $lBN$mFGMON$sL. 181773 V.$x1 966 ## $lBN$mFGMON$sL. 181773 V.-D$x1 971 ## $corlando$d20260331 972 ## $e0$z0$d20260513$vasantos 973 ## $csteixeira$d20260506
|
|
|